| 000 | 00647nam a22002057a 4500 | ||
|---|---|---|---|
| 005 | 20250114151834.0 | ||
| 010 | _aENG-143399 | ||
| 020 |
_c995.00 _a9789391211998 |
||
| 035 | _aEN-126931 | ||
| 037 | _bDBAD | ||
| 082 | _a345.540 | ||
| 100 |
_aNarvankar, Yuvraj P _976555 |
||
| 245 | 0 | 0 |
_aElectronic Evidence in the Courtroom: _bA Lawyer’s Manual/ _cby Yuvraj P Narvankar |
| 250 | _a1 | ||
| 260 |
_aGurgaon _bLexis Nexis _c2025 |
||
| 270 |
_a14th Floor, Bldg. No.10, Tower-B, DLF Cyber City, Phase-II _bGurgaon _e122002 |
||
| 300 |
_axxix,399p. _c24cm(Hb) |
||
| 700 |
_aDhirajlal _976552 |
||
| 942 |
_2ddc _cEN _h345.540 _mNAR |
||
| 999 |
_c208481 _d208481 |
||